[Event "Srpska Republic-chT 1st League"]
[Site "Banja Dvorovi"]
[Date "2018.08.11"]
[Round "8.3"]
[White "Maric, Bozo"]
[Black "Spasenovic, Zoran"]
[Result "1-0"]
[WhiteElo "2246"]
[BlackElo "2177"]
[PlyCount "145"]
[EventDate "2018.08.04"]
[EventType "team-tourn"]
[EventRounds "9"]
[EventCountry "BIH"]
[SourceTitle "CBM 186 Extra"]
[Source "ChessBase"]
[SourceDate "2018.08.24"]
[SourceVersion "1"]
[SourceVersionDate "2018.08.24"]
[SourceQuality "1"]
[WhiteTeam "Trebinje Leotar"]
[BlackTeam "Brcko Jedinstvo"]
[WhiteTeamCountry "BIH"]
[BlackTeamCountry "BIH"]

1. d4 d5 2. c4 c6 3. Nf3 Nf6 4. cxd5 cxd5 5. Nc3 Nc6 6. Bf4 a6 7. Rc1 e6 8. e3 Bd6 9. Bg5 Qa5 10. Bxf6 gxf6 11. Nd2 Bd7 12. Qh5 Qb6 13. Rb1 Nb4 14. Qd1 h5 15. Be2 h4 16. a3 Nc6 17. b4 Qc7 18. Rc1 Qb8 19. Na4 b6 20. Qb3 Qb7 21. Nb2 f5 22. f4 Ke7 23. Nd3 a5 24. b5 Na7 25. a4 f6 26. 0-0 Rag8 27. Bf3 Qb8 28. Nb1 Bc8 29. Nc3 Bb7 30. Rc2 Qa8 31. Rfc1 Kd7 32. Ne2 Rg7 33. Nc5+ Ke7 34. Nxb7 Qxb7 35. Nc3 Rc8 36. Nd1 Rgg8 37. Nb2 Rxc2 38. Rxc2 Rc8 39. Nd3 Rc7 40. Kf2 Qc8 41. Rxc7+ Qxc7 42. Ke2 Nc8 43. Kd2 Kd7 44. Qc3 Be7 45. Qxc7+ Kxc7 46. Bd1 Ba3 47. Ke2 Nd6 48. Ne1 Bc1 49. Bb3 Nc4 50. Bxc4 dxc4 51. Nf3 c3 52. Ne1 Kd6 53. Nc2 Kd5 54. Kd3 e5 55. dxe5 fxe5 56. fxe5 Kxe5 57. Nd4 Kf6 58. Ne2 Ba3 59. Nxc3 h3 60. gxh3 Bc5 61. Nd5+ Kg5 62. Nf4 Bd6 63. Nd5 Bc5 64. Ke2 Kh4 65. Nf4 Bd6 66. Kf3 Bb4 67. e4 fxe4+ 68. Kxe4 Bc5 69. Kd5 Bb4 70. Kc6 Bd2 71. Nd5 Kxh3 72. Nxb6 Kxh2 73. Nc4 1-0

[Event "Srpska Republic-chT 1st League"]
[Site "Banja Dvorovi"]
[Date "2018.08.10"]
[Round "7.3"]
[White "Spasenovic, Zoran"]
[Black "Tomic, Zeljko"]
[Result "1-0"]
[WhiteElo "2177"]
[BlackElo "1873"]
[PlyCount "101"]
[EventDate "2018.08.04"]
[EventType "team-tourn"]
[EventRounds "9"]
[EventCountry "BIH"]
[SourceTitle "CBM 186 Extra"]
[Source "ChessBase"]
[SourceDate "2018.08.24"]
[SourceVersion "1"]
[SourceVersionDate "2018.08.24"]
[SourceQuality "1"]
[WhiteTeam "Brcko Jedinstvo"]
[BlackTeam "Petrovo Ozren"]
[WhiteTeamCountry "BIH"]
[BlackTeamCountry "BIH"]

1. d4 d5 2. c4 c6 3. Nc3 Nf6 4. Nf3 Bf5 5. Qb3 Qb6 6. Qxb6 axb6 7. cxd5 cxd5 8. e3 Nbd7 9. Bb5 e6 10. Ne5 Bd6 11. f3 Ke7 12. e4 dxe4 13. fxe4 Nxe4 14. Nxd7 Nxc3 15. bxc3 Ra5 16. a4 Rxb5 17. axb5 Kxd7 18. 0-0 Rc8 19. Bd2 f6 20. Ra7 Rc7 21. Ra8 Bd3 22. Re1 Ke7 23. Rg8 Kf7 24. Rd8 Be7 25. Rb8 Bd6 26. Ra1 Rd7 27. Rc8 e5 28. Be3 Bxb5 29. d5 h6 30. c4 Ba6 31. Rb1 Bc7 32. Bxb6 Bxb6+ 33. Rxb6 Ke7 34. g4 Kf7 35. Kf2 g6 36. Ke3 f5 37. h3 h5 38. g5 Kg7 39. d6 Kf7 40. c5 Bf1 41. Rc7 Ke6 42. Rbxb7 Rxc7 43. Rxc7 Bxh3 44. Re7+ Kd5 45. d7 f4+ 46. Kf2 Bxd7 47. Rxd7+ Kxc5 48. Kf3 h4 49. Ke4 h3 50. Rh7 h2 51. Rxh2 1-0

[Event "BIH-chT1"]
[Site "Dvorovi"]
[Date "2016.08.13"]
[Round "8"]
[White "Spasenovic, Zoran"]
[Black "Sibarevic, Milenko"]
[Result "1/2-1/2"]
[WhiteElo "2164"]
[BlackElo "2264"]
[PlyCount "53"]
[EventDate "2016.08.06"]
[EventType "team-tourn"]
[EventRounds "9"]
[EventCountry "BIH"]
[SourceTitle "CBM 174 Extra"]
[Source "ChessBase"]
[SourceDate "2016.10.10"]
[SourceVersion "1"]
[SourceVersionDate "2016.10.10"]
[SourceQuality "1"]

1. e4 c5 2. Nf3 d6 3. d4 cxd4 4. Nxd4 Nf6 5. Nc3 a6 6. Bg5 e6 7. Qd2 h6 8. Bh4 Nxe4 9. Nxe4 Qxh4 10. Bd3 d5 11. Nf3 Qe7 12. Nc3 Nc6 13. 0-0 Qd8 14. Rfe1 Be7 15. Rad1 0-0 16. Nb1 Bf6 17. Qc1 Qb6 18. c3 e5 19. c4 e4 20. cxd5 exd3 21. dxc6 Qxb2 22. Qxb2 Bxb2 23. cxb7 Bxb7 24. Rxd3 Bf6 25. Nbd2 Rfd8 26. Rde3 Kf8 27. h3 1/2-1/2

[Event "BIH-chT1"]
[Site "Dvorovi"]
[Date "2016.08.12"]
[Round "7"]
[White "Bakic, Aleksandar"]
[Black "Spasenovic, Zoran"]
[Result "1/2-1/2"]
[WhiteElo "1951"]
[BlackElo "2164"]
[PlyCount "73"]
[EventDate "2016.08.06"]
[EventType "team-tourn"]
[EventRounds "9"]
[EventCountry "BIH"]
[SourceTitle "CBM 174 Extra"]
[Source "ChessBase"]
[SourceDate "2016.10.10"]
[SourceVersion "1"]
[SourceVersionDate "2016.10.10"]
[SourceQuality "1"]

1. e4 d5 2. exd5 Qxd5 3. Nc3 Qd6 4. d4 Nf6 5. Nf3 Bg4 6. h3 Bh5 7. g4 Bg6 8. Bg2 Nc6 9. Be3 0-0-0 10. Qe2 Nb4 11. Rc1 Nfd5 12. Nxd5 Nxd5 13. Ne5 f6 14. Nxg6 hxg6 15. 0-0 e5 16. dxe5 Qxe5 17. Rfd1 Bc5 18. Rxd5 Rxd5 19. Bxd5 Qxd5 20. Bxc5 Qxc5 21. Qf3 f5 22. Rd1 Qe7 23. gxf5 Qg5+ 24. Kh2 gxf5 25. Qd5 Kb8 26. Qd2 f4 27. Qd3 a6 28. Qf3 Qf5 29. Rd3 g5 30. Kg1 Qe6 31. b3 g4 32. Qxg4 Qe1+ 33. Kg2 Qe4+ 34. Kg1 Qe1+ 35. Kg2 Qe4+ 36. Kg1 Qe1+ 37. Kg2 1/2-1/2

[Event "BIH-chT1"]
[Site "Dvorovi"]
[Date "2016.08.08"]
[Round "3"]
[White "Spasenovic, Zoran"]
[Black "Ahmic, Nesim"]
[Result "1-0"]
[WhiteElo "2164"]
[BlackElo "2029"]
[PlyCount "71"]
[EventDate "2016.08.06"]
[EventType "team-tourn"]
[EventRounds "9"]
[EventCountry "BIH"]
[SourceTitle "CBM 174 Extra"]
[Source "ChessBase"]
[SourceDate "2016.10.10"]
[SourceVersion "1"]
[SourceVersionDate "2016.10.10"]
[SourceQuality "1"]

1. e4 c6 2. d4 d5 3. e5 Bf5 4. h4 h5 5. Bg5 Qb6 6. Bd3 Bxd3 7. Qxd3 Qxb2 8. Nf3 e6 9. 0-0 Ne7 10. Nbd2 Qb6 11. Rab1 Qc7 12. c4 dxc4 13. Nxc4 Nd5 14. Nfd2 b5 15. Ne3 Qd7 16. Ne4 Na6 17. Nxd5 Qxd5 18. Nc3 Qd7 19. Qf3 Rc8 20. Rfd1 Nc7 21. Ne4 Nd5 22. Rdc1 a5 23. Ng3 b4 24. Ne4 Nc7 25. Rxc6 Nb5 26. Rxc8+ Qxc8 27. Rc1 Qa6 28. Rc6 Qb7 29. Rxe6+ fxe6 30. Nf6+ gxf6 31. Qxb7 fxg5 32. Qxb5+ Kf7 33. hxg5 Be7 34. f4 Rd8 35. Qc4 Rd5 36. f5 1-0

[Event "Sarajevo Bosna op 41st"]
[Site "Sarajevo"]
[Date "2011.05.10"]
[Round "7"]
[White "Grandelius, Nils"]
[Black "Spasenovic, Zoran"]
[Result "1-0"]
[WhiteElo "2541"]
[BlackElo "2131"]
[PlyCount "53"]
[EventDate "2011.05.03"]
[EventType "swiss"]
[EventRounds "9"]
[EventCountry "BIH"]
[SourceTitle "CBM 142 Extra"]
[Source "ChessBase"]
[SourceDate "2011.06.27"]
[SourceVersion "1"]
[SourceVersionDate "2011.06.27"]
[SourceQuality "1"]

1. d4 d5 2. c4 c6 3. Nc3 Nf6 4. e3 e6 5. Nf3 Bd6 6. Bd3 Nbd7 7. e4 dxe4 8. Nxe4 Nxe4 9. Bxe4 Bb4+ 10. Bd2 Bxd2+ 11. Qxd2 c5 12. 0-0-0 Nf6 13. dxc5 Qxd2+ 14. Nxd2 Rb8 15. Bf3 0-0 16. Rhe1 a5 17. Nb3 Ra8 18. Nd4 Rb8 19. c6 Ne8 20. Re5 b6 21. Nb5 Ba6 22. Rd7 Rc8 23. b3 Ra8 24. Nc3 Nf6 25. Re7 Rfc8 26. Na4 Re8 27. Rxe8+ 1-0

[Event "Sarajevo Bosna op 41st"]
[Site "Sarajevo"]
[Date "2011.05.05"]
[Round "3"]
[White "Besirevic, Jasmin"]
[Black "Spasenovic, Zoran"]
[Result "0-1"]
[WhiteElo "1967"]
[BlackElo "2131"]
[PlyCount "120"]
[EventDate "2011.05.03"]
[EventType "swiss"]
[EventRounds "9"]
[EventCountry "BIH"]
[SourceTitle "CBM 142 Extra"]
[Source "ChessBase"]
[SourceDate "2011.06.27"]
[SourceVersion "1"]
[SourceVersionDate "2011.06.27"]
[SourceQuality "1"]

1. Nf3 d5 2. c4 c6 3. e3 Nf6 4. d4 Bf5 5. Nc3 e6 6. Qb3 Qb6 7. Nd2 Nbd7 8. Be2 Be7 9. 0-0 Qc7 10. cxd5 exd5 11. Bf3 Ng4 12. g3 h5 13. e4 dxe4 14. Ndxe4 Qb6 15. Qxb6 Nxb6 16. Re1 Rd8 17. Nc5 Bc8 18. Be3 Nxe3 19. Rxe3 Kf8 20. Rae1 Bf6 21. Nb3 Nc4 22. R3e2 Bf5 23. Rd1 g6 24. Kg2 Kg7 25. h3 Rhe8 26. Be4 Nxb2 27. Rxb2 Bxe4+ 28. Nxe4 Rxe4 29. Rbd2 Rd5 30. Kf3 Re7 31. h4 b6 32. Rc1 Re6 33. Rdc2 Rdd6 34. Rc4 b5 35. Rc5 Bxd4 36. Nxd4 Rxd4 37. Rxc6 Rd3+ 38. Kg2 Rxc6 39. Rxc6 Ra3 40. Rc5 b4 41. Rc4 a5 42. Rc2 Kf6 43. Kf1 Ke5 44. Ke1 Kd4 45. Kd1 f6 46. Kd2 g5 47. hxg5 fxg5 48. Ke2 h4 49. Rd2+ Ke4 50. gxh4 gxh4 51. Kf1 Rd3 52. Rc2 Kd4 53. Kg2 a4 54. Rc8 b3 55. axb3 axb3 56. Rh8 h3+ 57. Kh2 b2 58. Rb8 Kc3 59. f4 Kc2 60. Rc8+ Rc3 0-1